000 00275nam a22001097a 4500
999 _c160103
_d160103
082 _a
_b
100 _ajayasri B
245 _aAadhunik hindi geethi natyom meim mithak tatwa/
_cby jayasri B.
260 _aMathura:
_bJawahar Pustakalaya,
_c2012.
650 _a
942 _cBK